000 00846nam a2200229 a 4500
001 000031151
005 20200930062733.0
008 110614s2006 dr a 000 0 spa d
040 _aDO-SdBNP
_bspa
_cBNPHU
082 _a759.97293
_bO49t
100 1 _aOlivo, Hilario,
_d1959-
_954387
245 1 0 _aTerritorio paralelo :
_bcatálogo /
_cHilario Olivo; textos María Elena Ditren; traducción Dió-Genes Abreu.
260 _a[Santo Domingo] :
_bAmigo del Hogar,
_c2006.
300 _a35 p. :
_bil., retrs. ;
_c28 cm.
590 _aInventariado, 2018/LP
650 4 _aArte dominicano
_ySIGLO XX
_xCatálogos
_957626
650 4 _aPintura dominicana
_ySIGLO XX
_923234
650 4 _aPintores dominicanos
_xCatálogos
_957627
700 1 _aDitren, María Elena
_957628
700 1 _aAbreu, Dió-Genes
_925691
910 _aValidado. Control de calidad EMS
999 _c30643
_d30643